| 000 | 01422cam a2200409 i 4500 | ||
|---|---|---|---|
| 999 |
_c200440125 _d58337 |
||
| 003 | TR-AnTOB | ||
| 005 | 20230315143144.0 | ||
| 007 | ta | ||
| 008 | 911217t19921992dcua bs i000 0 eng | ||
| 010 | _a91046701 | ||
| 020 | _a1557751978 | ||
| 040 |
_aDLC _beng _erda _cDLC _dTR-AnTOB |
||
| 041 | 0 | _aeng | |
| 043 | _aa-ja--- | ||
| 050 | 0 | 4 |
_aHG1275 _b.T385 1992 |
| 090 |
_aHG1275 _b.T385 1992 |
||
| 100 | 1 |
_aTavlas, George S. _eauthor _9129685 |
|
| 245 | 1 | 4 |
_aThe internationalization of currencies : _ban appraisal of the Japanese yen / _cGeorge S. Tavlas and Yuzuru Ozeki. |
| 264 | 1 |
_aWashington, DC : _bInternational Monetary Fund, _c1992. |
|
| 264 | 4 | _c©1992 | |
| 300 |
_avii, 56 pages : _bcolor illustrations ; _c27 cm |
||
| 336 |
_atext _btxt _2rdacontent |
||
| 337 |
_aunmediated _bn _2rdamedia |
||
| 338 |
_avolume _bnc _2rdacarrier |
||
| 490 | 0 |
_aOccasional paper ; _v90 |
|
| 500 | _a"January 1992." | ||
| 504 | _aBIB | ||
| 650 | 0 |
_aYen, Japanese _9141176 |
|
| 650 | 0 |
_aInternational finance _91817 |
|
| 650 | 0 |
_aMonetary policy _zJapan _9134049 |
|
| 700 | 1 |
_aOzeki, Yuzuru _eauthor _9129686 |
|
| 710 | 2 |
_aInternational Monetary Fund _979373 |
|
| 856 | 4 | 1 |
_3IMF eLibrary (Open Access) _zOnline access link to the resource _uhttps://www.elibrary.imf.org/display/book/9781557751973/9781557751973.xml?rskey=hqjvO7&result=3 |
| 942 |
_2lcc _cBK |
||